1273 1345 1588 1409 1961 1826 1141 1971 1684 1291 1608 1725 1998 1382 1608 1472 1637 1127 1576 1565 1847 1963 1596 1333 1253 1545 1100 1700 1465 1176 1589 1955 1466 1451 1619 1580 1407 1454 1476 1283 1411 1590 1098 1609 1372 1637 1433 1187 1675 1942 1655 1759 1063 1065 1999 1269 1177 1921 1149 1839 1314 1483 1068 1646 1308 1036 1107 1024 1006 1711 1438 1415 1840 1891 1865 1511 1206 1925 1664 1017 1156 1935 1848 1435 1049 1860 1125 1103 1610 1954 1724 1652 1458 1204 1146 1094 1275 1567 1989 BCNSPRNW ULIB Ver.6.0+V

เปลี่ยนเป็นภาษาไทย

Change to English
 แสดงรายละเอียดบรรณานุกรม
  กลับหน้าหลัก

Brief Record : Get Marc (ISO 2709) : E-mail record : QR code < ปิดหน้าต่าง
LEADER : 00000nam 2200000uu 4500
001    13399128215
003     ULIB
008    020711s2021 th a 000 0 eng d
020    ^a9780702079818
060    ^aWY101^bS443W
100    ^aSebastian Probst
245    ^aWound Care Nursing: A person-centred approach/^cSebastian Probst
250    ^a3rd ed
260    ^aPhiladelphia :^bElsevier,^c2021
300    178 pages;^c26 cm
650    ^aNursing Care
945    ^p0^l0^i009319
999    ^aประนอม เกษจรัล
รายการนี้ยังไม่มีแท็ก
คุณยังไม่ได้ล็อกอิน คุณสามารถมีกิจกรรมร่วมกับเว็บไซต์ได้ แต่ต้องล็อกอินก่อน ::
  ล็อกอิน

รายการสื่อสารสนเทศ

ลำดับที่ ประเภท เลขเรียก/บาร์โค้ด สถานที่ สถานะ
1. Book การพยาบาล
หนังสือสำรอง
สถานะ=หนังสือสำรอง
WY101 S443W ฉ.1 
  Barcode: 009319
ห้องสมุดวิทยาเขตสวรรค์ประชารักษ์
►หนังสือทั่วไป
บนชั้น

รายการใกล้เคียง
    หัวเรื่อง [Nursing Care]

BibComment


ยังไม่เคยถูกคอมเมนท์

คอมเมนท์ทรัพยากรรายการนี้
  คอมเมนท์: Wound Care Nursi..


 Copyright 2026. Bcnsprnw @Library